[Event "LSS No Engine Cup 230 Preliminary 0"]
[Site "LSS email"]
[Date "2022.10.08"]
[Round "?"]
[White "Schleef, Harald"]
[Black "Henke, Simon"]
[Result "1/2-1/2"]
[WhiteElo "2314"]
[BlackElo "2085"]
[PlyCount "84"]
[EventDate "2022.10.08"]
[EventType "tourn (corr)"]
[EventRounds "6"]
[EventCountry "GER"]
[SourceTitle "Corr 2024"]
[Source "ChessBase"]
[SourceDate "2023.10.19"]
[SourceVersion "1"]
[SourceVersionDate "2023.10.19"]
[SourceQuality "1"]

1. d4 Nf6 2. c4 g6 3. f3 Bg7 4. e4 d6 5. Ne2 0-0 6. Be3 c5 7. Qd2 Nc6 8. d5 Ne5 9. Nec3 Nh5 10. Be2 f5 11. exf5 gxf5 12. Bh6 f4 13. Bxg7 Nxg7 14. Na3 Bd7 15. 0-0-0 a6 16. g4 b5 17. Ne4 Qe8 18. Rhg1 Kh8 19. h4 h5 20. Rde1 b4 21. Nc2 a5 22. Ng5 Qg6 23. Ref1 b3 24. axb3 a4 25. bxa4 Bxa4 26. Na3 Rab8 27. gxh5 Qxh5 28. Bd3 Nf5 29. Bxf5 Rxf5 30. Kb1 Rb3 31. Ka1 Rf8 32. Ne6 Rfb8 33. Nxf4 Qf7 34. Ng6+ Nxg6 35. Qh6+ Qh7 36. Rxg6 Rxb2 37. Qxh7+ Kxh7 38. Re6 R2b3 39. Rxe7+ Kh8 40. Ka2 Rb2+ 41. Ka1 R2b3 42. Ka2 Rb2+ 1/2-1/2

[Event "LSS No Engine Cup 222 Final"]
[Site "LSS email"]
[Date "2022.05.25"]
[Round "?"]
[White "Henke, Simon"]
[Black "Louro, Eugenio"]
[Result "1-0"]
[WhiteElo "2089"]
[BlackElo "1958"]
[PlyCount "77"]
[EventDate "2022.05.25"]
[EventType "tourn (corr)"]
[EventRounds "6"]
[EventCountry "GER"]
[SourceTitle "Corr 2024"]
[Source "ChessBase"]
[SourceDate "2023.10.19"]
[SourceVersion "1"]
[SourceVersionDate "2023.10.19"]
[SourceQuality "1"]

1. d4 d5 2. Nc3 Nf6 3. Bf4 a6 4. e3 e6 5. g4 Bb4 6. Nge2 Ne4 7. Bg2 Nxc3 8. Nxc3 Nd7 9. Qd3 Nb6 10. 0-0-0 Nc4 11. e4 c6 12. Nb1 Be7 13. Nd2 Bg5 14. Qf3 Bxf4 15. Qxf4 Nxd2 16. Rxd2 dxe4 17. Bxe4 Bd7 18. h4 Qb8 19. Qg5 0-0 20. Rg1 a5 21. h5 Qd8 22. Qe3 a4 23. f4 a3 24. b3 Qe7 25. g5 Qd6 26. c4 Rad8 27. Bc2 Bc8 28. Qe4 g6 29. Rh1 Kg7 30. Qe5+ Qxe5 31. dxe5 Rxd2 32. Kxd2 Rd8+ 33. Kc3 c5 34. h6+ Kf8 35. Rd1 Ke7 36. Rxd8 Kxd8 37. b4 b6 38. bxc5 bxc5 39. Ba4 1-0

[Event "LSS No Engine Cup 222 Final"]
[Site "LSS email"]
[Date "2022.05.25"]
[Round "?"]
[White "Henke, Simon"]
[Black "Schleef, Harald"]
[Result "0-1"]
[WhiteElo "2089"]
[BlackElo "2320"]
[PlyCount "84"]
[EventDate "2022.05.25"]
[EventType "tourn (corr)"]
[EventRounds "6"]
[EventCountry "GER"]
[SourceTitle "Corr 2024"]
[Source "ChessBase"]
[SourceDate "2023.10.19"]
[SourceVersion "1"]
[SourceVersionDate "2023.10.19"]
[SourceQuality "1"]

1. d4 Nf6 2. Nc3 d5 3. Bf4 g6 4. e3 Bg7 5. Nb5 Na6 6. h3 c6 7. Nc3 Nc7 8. Be2 Ne4 9. a4 Ne6 10. Bh2 Nxc3 11. bxc3 Qa5 12. Ra3 c5 13. Nf3 Bd7 14. 0-0 Bc6 15. Ne5 Bxe5 16. Bxe5 f6 17. Bg3 Rd8 18. Qa1 h5 19. Rb1 Kf7 20. Qb2 Rc8 21. Qc1 a6 22. f3 c4 23. Qe1 b5 24. e4 bxa4 25. Rb4 Be8 26. Ra1 Qd8 27. Qf2 Bb5 28. Re1 Qd7 29. Bf1 Rhg8 30. Rbb1 g5 31. Qe3 Rg6 32. Bh2 Rcg8 33. exd5 Qxd5 34. Re2 g4 35. Rbe1 Bd7 36. fxg4 hxg4 37. g3 Re8 38. h4 Ng7 39. Bg2 Qd6 40. Qf2 e6 41. Re5 Nf5 42. Rc5 Nxh4 0-1

[Event "LSS No Engine Cup 222 Final"]
[Site "LSS email"]
[Date "2022.05.25"]
[Round "?"]
[White "Van Bommel, Ton"]
[Black "Henke, Simon"]
[Result "0-1"]
[WhiteElo "2377"]
[BlackElo "2089"]
[PlyCount "120"]
[EventDate "2022.05.25"]
[EventType "tourn (corr)"]
[EventRounds "6"]
[EventCountry "GER"]
[SourceTitle "Corr 2024"]
[Source "ChessBase"]
[SourceDate "2023.10.19"]
[SourceVersion "1"]
[SourceVersionDate "2023.10.19"]
[SourceQuality "1"]

1. e4 c5 2. c3 d5 3. exd5 Nf6 4. Qa4+ Nbd7 5. Qb3 g6 6. Nf3 Bg7 7. Be2 0-0 8. 0-0 b6 9. a4 Bb7 10. Qc2 Nxd5 11. d3 e5 12. Re1 h6 13. Na3 a6 14. h3 Qc7 15. Bd2 Rad8 16. a5 b5 17. c4 bxc4 18. Nxc4 Rfe8 19. Bf1 Nb4 20. Bxb4 cxb4 21. Nfd2 Re6 22. Rac1 Nc5 23. Ne4 Rc6 24. Nxc5 Rxc5 25. Qa4 Rb8 26. Qd1 Rd8 27. Qb3 Rb8 28. Qxb4 Bxg2 29. Qb6 Rxb6 30. axb6 Qd7 31. Bxg2 Rb5 32. b7 e4 33. Bxe4 Bd4 34. Bg2 Ba7 35. Re2 Rg5 36. Kh1 Rxg2 37. Kxg2 Qxb7+ 38. Re4 Qc6 39. Kg1 Qb5 40. h4 Kg7 41. Kf1 Qd7 42. Ne5 Qf5 43. Rc2 Bb8 44. Nc4 Qf3 45. Ne3 Bg3 46. b4 Qh1+ 47. Ke2 Bxh4 48. Rcc4 Bg5 49. Rc7 Qh2 50. Ra7 Bh4 51. Nd1 Bf6 52. Rxa6 Qh5+ 53. Kd2 Qf5 54. Ra5 Qf3 55. Rd5 h5 56. b5 h4 57. b6 h3 58. b7 h2 59. b8Q h1Q 60. Qb3 Bh4 0-1

[Event "SC-2022-0-00415"]
[Site "LSS email"]
[Date "2022.03.10"]
[Round "?"]
[White "Henke, Simon"]
[Black "Gomez Galan Arense, Joaquin"]
[Result "1/2-1/2"]
[WhiteElo "1710"]
[BlackElo "1766"]
[PlyCount "68"]
[EventDate "2021.10.12"]
[EventType "tourn (corr)"]
[EventRounds "6"]
[EventCountry "GER"]
[SourceTitle "Corr 2024"]
[Source "ChessBase"]
[SourceDate "2023.10.19"]
[SourceVersion "1"]
[SourceVersionDate "2023.10.19"]
[SourceQuality "1"]

1. e4 e5 2. f4 exf4 3. Nf3 Nf6 4. Nc3 d5 5. exd5 Nxd5 6. Nxd5 Qxd5 7. d4 Be7 8. Bd3 g5 9. 0-0 Bg4 10. h3 Bh5 11. c3 c5 12. Qa4+ Kf8 13. Qb3 Qxb3 14. axb3 cxd4 15. Nxd4 Bg6 16. Bb5 a6 17. g3 fxg3 18. Bxg5 Bxg5 19. Ne6+ Kg8 20. Nxg5 Kg7 21. Bc4 Rf8 22. Kg2 Nd7 23. Kxg3 Rae8 24. Rfe1 Ne5 25. Nf3 Nxc4 26. bxc4 Kf6 27. c5 Rxe1 28. Rxe1 Bf5 29. h4 Rc8 30. b4 Rg8+ 31. Kf2 Rg4 32. Re8 Bg6 33. Ne5 Rxh4 34. Nxg6 hxg6 1/2-1/2

[Event "LSS No Engine Cup 217 Final"]
[Site "LSS email"]
[Date "2022.01.27"]
[Round "?"]
[White "Rivas Maceda, Juan"]
[Black "Henke, Simon"]
[Result "1-0"]
[WhiteElo "2275"]
[BlackElo "2126"]
[PlyCount "77"]
[EventDate "2022.01.27"]
[EventType "tourn (corr)"]
[EventRounds "6"]
[EventCountry "GER"]
[SourceTitle "Corr 2024"]
[Source "ChessBase"]
[SourceDate "2023.10.19"]
[SourceVersion "1"]
[SourceVersionDate "2023.10.19"]
[SourceQuality "1"]

1. e4 c6 2. d4 d5 3. e5 c5 4. Nf3 Bg4 5. dxc5 Nc6 6. c3 a6 7. Qb3 Qc7 8. Qxd5 e6 9. Qe4 Bxf3 10. gxf3 Qxe5 11. Qxe5 Nxe5 12. b4 Nxf3+ 13. Kd1 0-0-0+ 14. Kc2 Be7 15. Na3 Ne1+ 16. Kb3 Nd3 17. Be3 Ne5 18. f4 Ng4 19. Bg1 N8f6 20. Nc4 Nd5 21. Bd4 Bf6 22. Be5 h5 23. a4 Rhg8 24. Be2 Bxe5 25. fxe5 f5 26. exf6 gxf6 27. Bf3 Kc7 28. Rae1 Nf4 29. Ref1 e5 30. Be4 Nh3 31. Bf5 Nf4 32. b5 Kb8 33. b6 Rgf8 34. Rd1 Nh6 35. Rxd8+ Rxd8 36. Bb1 Ne6 37. Kb4 Ng8 38. Nd6 Ne7 39. Be4 1-0

[Event "LSS No Engine Cup 220 Preliminary 0"]
[Site "LSS email"]
[Date "2021.08.26"]
[Round "?"]
[White "Shim Ng Min, Francis"]
[Black "Henke, Simon"]
[Result "0-1"]
[WhiteElo "1423"]
[BlackElo "2110"]
[PlyCount "58"]
[EventDate "2021.08.26"]
[EventType "tourn (corr)"]
[EventRounds "6"]
[EventCountry "GER"]
[SourceTitle "Corr 2024"]
[Source "ChessBase"]
[SourceDate "2023.10.19"]
[SourceVersion "1"]
[SourceVersionDate "2023.10.19"]
[SourceQuality "1"]

1. e4 c6 2. Nc3 d5 3. Qf3 dxe4 4. Nxe4 Nd7 5. Bc4 Ne5 6. Qe2 Nxc4 7. Qxc4 Nf6 8. Nf3 Be6 9. Nxf6+ exf6 10. Qe4 Be7 11. 0-0 0-0 12. d4 Bd5 13. Qg4 Re8 14. Bf4 Bxf3 15. Qxf3 Qxd4 16. c3 Qa4 17. h3 Rad8 18. Rfe1 Bf8 19. Rxe8 Rxe8 20. b3 Qa3 21. Qd1 Qb2 22. c4 Bc5 23. Be3 Bxe3 24. fxe3 g6 25. Qc1 Qe5 26. Kf2 Kg7 27. a4 a5 28. Ra2 Qf5+ 29. Kg1 Qd3 0-1

[Event "LSS No Engine Cup 212 Final"]
[Site "LSS email"]
[Date "2021.07.15"]
[Round "?"]
[White "Henke, Simon"]
[Black "Sheers, Matthew"]
[Result "1/2-1/2"]
[WhiteElo "2099"]
[BlackElo "2284"]
[PlyCount "34"]
[EventDate "2021.07.15"]
[EventType "tourn (corr)"]
[EventRounds "6"]
[EventCountry "GER"]
[SourceTitle "Corr 2024"]
[Source "ChessBase"]
[SourceDate "2023.10.19"]
[SourceVersion "1"]
[SourceVersionDate "2023.10.19"]
[SourceQuality "1"]

1. d4 d5 2. Nc3 e6 3. Bf4 Nf6 4. e3 Be7 5. Nb5 Na6 6. Nf3 0-0 7. Ne5 c5 8. c3 c4 9. a4 Nb8 10. Nf3 Ne8 11. Nxa7 Bd7 12. Nb5 Qa5 13. Rb1 Nc6 14. b3 Na7 15. bxc4 Nxb5 16. axb5 Qxc3+ 17. Qd2 Bb4 1/2-1/2

[Event "LSS No Engine Cup 219 Preliminary 0"]
[Site "LSS email"]
[Date "2021.07.10"]
[Round "?"]
[White "Henke, Simon"]
[Black "Joubert, Hennie"]
[Result "1-0"]
[WhiteElo "2097"]
[BlackElo "1600"]
[PlyCount "31"]
[EventDate "2021.07.10"]
[EventType "tourn (corr)"]
[EventRounds "6"]
[EventCountry "GER"]
[SourceTitle "Corr 2024"]
[Source "ChessBase"]
[SourceDate "2023.10.19"]
[SourceVersion "1"]
[SourceVersionDate "2023.10.19"]
[SourceQuality "1"]

1. e4 e5 2. Bc4 Nc6 3. Nf3 Nd4 4. Nxd4 exd4 5. d3 d6 6. c3 dxc3 7. Nxc3 Nf6 8. Qb3 Qd7 9. 0-0 Qe7 10. d4 b6 11. Bg5 h6 12. Nd5 Qd8 13. Nxf6+ gxf6 14. Bxf7+ Ke7 15. Bh4 Bb7 16. Qe6# 1-0

[Event "LSS No Engine Cup 219 Preliminary 0"]
[Site "LSS email"]
[Date "2021.07.10"]
[Round "?"]
[White "Huber, Karl"]
[Black "Henke, Simon"]
[Result "1/2-1/2"]
[WhiteElo "1600"]
[BlackElo "2097"]
[PlyCount "102"]
[EventDate "2021.07.10"]
[EventType "tourn (corr)"]
[EventRounds "6"]
[EventCountry "GER"]
[SourceTitle "Corr 2024"]
[Source "ChessBase"]
[SourceDate "2023.10.19"]
[SourceVersion "1"]
[SourceVersionDate "2023.10.19"]
[SourceQuality "1"]

1. e4 d5 2. exd5 Qxd5 3. Nc3 Qa5 4. Nf3 Nf6 5. d4 Bf5 6. Ne5 c6 7. Bc4 e6 8. g4 Bg6 9. h4 Nbd7 10. Nxd7 Nxd7 11. h5 Be4 12. 0-0 Bd5 13. Nxd5 cxd5 14. Bd3 Bd6 15. c3 0-0-0 16. a4 Kb8 17. Re1 e5 18. dxe5 Nxe5 19. Be3 g6 20. Bd4 Qc7 21. h6 f5 22. g5 Rhe8 23. Bf1 Nf7 24. Bf6 Bh2+ 25. Kg2 Be5 26. Bxd8 Qxd8 27. f4 Bxf4 28. Rxe8 Qxe8 29. Qxd5 Qe7 30. Bc4 Qxg5+ 31. Kf1 Qxh6 32. Rd1 Nd6 33. Qg8+ Nc8 34. Bd5 Bc7 35. Qe8 Qh2 36. a5 a6 37. Qe2 Qf4+ 38. Qf3 Qa4 39. b4 Nd6 40. Re1 g5 41. Qd1 Qb5+ 42. Kg1 g4 43. Re7 h5 44. Rg7 Nc8 45. Rg8 Qd7 46. Qd3 h4 47. Bc4 Qe7 48. Qxf5 Qe1+ 49. Bf1 Qg3+ 50. Bg2 Qe1+ 51. Bf1 Qg3+ 1/2-1/2

[Event "LSS No Engine Cup 218 Preliminary 0"]
[Site "LSS email"]
[Date "2021.06.07"]
[Round "?"]
[White "Heiser, Jerome"]
[Black "Henke, Simon"]
[Result "0-1"]
[WhiteElo "726"]
[BlackElo "2099"]
[PlyCount "54"]
[EventDate "2021.06.07"]
[EventType "tourn (corr)"]
[EventRounds "6"]
[EventCountry "GER"]
[SourceTitle "Corr 2024"]
[Source "ChessBase"]
[SourceDate "2023.10.19"]
[SourceVersion "1"]
[SourceVersionDate "2023.10.19"]
[SourceQuality "1"]

1. e4 d5 2. e5 c5 3. d4 cxd4 4. Nf3 Nc6 5. Bb5 Qa5+ 6. Qd2 Qxb5 7. Nxd4 Nxd4 8. Qxd4 e6 9. Qd3 Bd7 10. 0-0 Qxd3 11. cxd3 Ne7 12. Nd2 Bb5 13. Rd1 Bxd3 14. Nf3 Be2 15. Re1 Bxf3 16. gxf3 Nf5 17. Rd1 Bc5 18. a3 Bd4 19. f4 Rc8 20. a4 Rc2 21. Rf1 Kd7 22. Ra2 Rhc8 23. Ra1 a5 24. Kg2 Re2 25. Rb1 Rcc2 26. Kf3 h5 27. b4 Rxf2+ 0-1

[Event "LSS No Engine Cup 218 Preliminary 0"]
[Site "LSS email"]
[Date "2021.06.07"]
[Round "?"]
[White "Henke, Simon"]
[Black "Shim Ng Min, Francis"]
[Result "1-0"]
[WhiteElo "2099"]
[BlackElo "1454"]
[PlyCount "34"]
[EventDate "2021.06.07"]
[EventType "tourn (corr)"]
[EventRounds "6"]
[EventCountry "GER"]
[SourceTitle "Corr 2024"]
[Source "ChessBase"]
[SourceDate "2023.10.19"]
[SourceVersion "1"]
[SourceVersionDate "2023.10.19"]
[SourceQuality "1"]

1. d4 Nf6 2. Nc3 d5 3. Bf4 a6 4. e3 e6 5. g4 Bd6 6. Qf3 c5 7. dxc5 Bxc5 8. g5 Nfd7 9. 0-0-0 Qa5 10. Qg3 Nc6 11. Bc7 b6 12. Nge2 0-0 13. h4 Bb7 14. h5 Rac8 15. Bh3 Na7 16. g6 d4 17. Rhg1 dxc3 1-0

[Event "LSS No Engine Cup 217 Preliminary 0"]
[Site "LSS email"]
[Date "2021.05.06"]
[Round "?"]
[White "Hoehne, Micha"]
[Black "Henke, Simon"]
[Result "0-1"]
[WhiteElo "2074"]
[BlackElo "2080"]
[PlyCount "74"]
[EventDate "2021.05.06"]
[EventType "tourn (corr)"]
[EventRounds "6"]
[EventCountry "GER"]
[SourceTitle "Corr 2024"]
[Source "ChessBase"]
[SourceDate "2023.10.19"]
[SourceVersion "1"]
[SourceVersionDate "2023.10.19"]
[SourceQuality "1"]

1. e4 e6 2. d4 d5 3. Nc3 Nc6 4. Nf3 Nf6 5. e5 Ne4 6. Bd3 Bb4 7. Bd2 Nxd2 8. Qxd2 f6 9. a3 Bxc3 10. Qxc3 fxe5 11. dxe5 Bd7 12. 0-0-0 Qe7 13. h4 0-0-0 14. h5 Kb8 15. Rh4 h6 16. Kb1 Rhf8 17. Rg4 Be8 18. Rh1 a6 19. Qd2 Rf7 20. Rh3 Qc5 21. Qe2 Rfd7 22. Rf4 Qb6 23. Rhh4 d4 24. Rf8 Ka7 25. Qe1 Rd5 26. Rg8 Ra5 27. Ka1 Nb4 28. Rxg7 Bc6 29. Qe2 Rdd5 30. Qd2 Rxa3+ 31. bxa3 Ra5 32. Nxd4 Rxa3+ 33. Kb1 Ra1+ 34. Kb2 Nxd3+ 35. Kc3 Bb5 36. Nxb5+ Qxb5 37. Qxd3 Ra3+ 0-1